Ephèse et Pergame: urbanisme et commanditaires en Asie mineure romaine
Zapisane w:
| 1. autor: | |
|---|---|
| Format: | Książka |
| Język: | francuski |
| Wydane: |
París
Ausonius Editions
2004
|
| Wydanie: | 1a. ed |
| Seria: | Scripta Antiqua, 11
|
| Hasła przedmiotowe: | |
| Etykiety: |
Dodaj etykietę
Nie ma etykietki, Dołącz pierwszą etykiete!
|
MARC
| LEADER | 00000cam a2200000 a 4500 | ||
|---|---|---|---|
| 001 | UCD5282 | ||
| 003 | CL-VaPUC | ||
| 008 | 160819e20040000fr |||||||||||||||||fre|d | ||
| 020 | |a 2910023559 | ||
| 082 | 0 | 4 | |a 711 |b HAL |2 21 |
| 100 | 0 | |a Halfmann, Helmut |e author |9 589040 | |
| 245 | 1 | 0 | |a Ephèse et Pergame: urbanisme et commanditaires en Asie mineure romaine |
| 250 | |a 1a. ed | ||
| 300 | |a 148 p | ||
| 942 | |c BK | ||
| 945 | |d 20160819 12:52:00 |a arojas | ||
| 260 | |a París |b Ausonius Editions |c 2004 | ||
| 650 | 0 | |a Urbanismo |9 255208 | |
| 650 | 0 | |a Planificación urbana |9 258176 | |
| 650 | 0 | |a Renovación urbana |9 256385 | |
| 650 | 7 | |a HISTORIA DE TURQUIA |2 CL-VaPUC |9 440763 | |
| 651 | 7 | |a ASIA MENOR |2 CL-VaPUC |9 400482 | |
| 583 | |a last modification |c 20160819 12:52:00 |k Rodrigo Vera | ||
| 490 | 0 | |a Scripta Antiqua, 11 | |
| 999 | |c 366003 |d 366001 | ||
| 952 | |0 0 |1 0 |3 erb |4 0 |6 711_000000000000000_HAL_2004 |7 0 |8 A |9 480005 |a BIBHIS |b BIBHIS |i 5338387 |o 711 HAL 2004 |p 5338387 |r 2025-01-20 |w 2019-11-24 |y BK |z Catalogado en:20160819 |k HIS | ||